06 - Municipios de Badajoz (Text) - Estadísticas

Estadísticas generales
  • Esta prueba ha sido intentada 2.463 veces
  • La puntuación promedio es 63 de 186
Respuestas en el mapa
Las respuestas están codificadas por una escala verde-roja en el mapa de la prueba según el % correcto abajo.
 
Estadísticas de respuestas
Respuesta % Correcto
Badajoz
96%
Merida
94%
Mérida
94%
Zafra
90%
Don Benito
86%
Villanueva de la Serena
85%
Almendral
83%
Olivenza
79%
Almendralejo
74%
Jerez de los Caballeros
73%
Llerena
71%
Monesterio
68%
Villafranca de los Barros
67%
Azuaga
64%
Montijo
61%
Valverde de Mérida
56%
Alburquerque
55%
Castuera
55%
Santa Marta
53%
Fregenal de la Sierra
52%
Fuente de Cantos
52%
Los Santos de Maimona
51%
Campanario
49%
Cabeza del Buey
47%
Bienvenida
46%
Medellín
46%
Herrera del Duque
45%
Alange
44%
Barcarrota
44%
Feria
44%
Hornachos
44%
Talavera la Real
44%
Fuente del Maestre
43%
Guareña
43%
Aceuchal
41%
Berlanga
41%
Calamonte
41%
Oliva de la Frontera
40%
Usagre
40%
Zalamea de la Serena
40%
Torremejía
39%
Cabeza la Vaca
38%
Cheles
38%
Quintana de la Serena
38%
Santa Amalia
38%
Lobón
37%
Malcocinado
37%
Alconchel
36%
Arroyo de San Serván
36%
Oliva de Mérida
36%
Granja de Torrehermosa
35%
La Albuera
35%
Puebla de la Calzada
35%
Puebla de Sancho Pérez
35%
Segura de León
35%
Burguillos del Cerro
34%
Calzadilla de los Barros
34%
Campillo de Llerena
34%
Montemolín
34%
Solana de los Barros
34%
Zahínos
34%
La Zarza
33%
San Vicente de Alcantara
33%
Calera de León
32%
La Codosera
32%
Llera
32%
Talarrubias
32%
Ribera del Fresno
31%
Salvatierra de los Barros
31%
San Pedro de Mérida
31%
Valencia del Ventoso
31%
Valverde de Leganés
31%
Villanueva del Fresno
31%
Fuentes de León
30%
La Haba
30%
La Parra
30%
La Roca de la Sierra
30%
Navalvillar de la Pela
30%
Casas de Don Pedro
29%
Esparragos de Lares
29%
Palomas
29%
Puebla de Alcocer
29%
Ahillones
28%
Don Álvaro
28%
Fuenlabrada de los Montes
28%
Puebla de Obando
28%
Torre de Miguel Sesmero
28%
Valle de Santa Ana
28%
Higuera la Real
27%
Monterrubio de la Serena
27%
Reina
27%
Trujillanos
27%
Bodonal de la Sierra
26%
La Lapa
26%
Pueblonuevo del Guadiana
26%
Valdelacalzada
26%
Cristina
25%
La Garrovilla
25%
Nogales
25%
Rena
25%
Salvaleón
25%
Valencia de las Torres
25%
Higuera de Vargas
24%
La Coronada
24%
Medina de las Torres
24%
Siruela
24%
Táliga
24%
Valencia del Mombuey
24%
Villagarcía de la Torre
24%
Villalba de los Barros
24%
Corte de Peleas
23%
Esparragalejo
23%
Villar del Rey
23%
Aljucén
22%
Benquerencia de la Serena
22%
Castilblanco
22%
Fuente del Arco
22%
Higuera de la Serena
22%
La Morera
22%
Orellana de la Sierra
22%
Valle de Matamoros
22%
Villagonzalo
22%
Zarza-Capilla
22%
Helechosa de los Montes
21%
Hinojosa del Valle
21%
Magacela
21%
Maguilla
21%
Puebla del Prior
21%
Torremayor
21%
Valdecaballeros
21%
Carmonita
20%
Entrín Bajo
20%
Garlitos
20%
La Nava de Santiago
20%
Peraleda del Zaucejo
20%
Puebla de la Reina
20%
Alconera
19%
Capilla
19%
Cordobilla de Lácara
19%
Malpartida de la Serena
19%
Valle de la Serena
19%
Manchita
18%
Mirandilla
18%
Orellana de la Vieja
18%
Puebla del Maestre
18%
Retamal de la Llerena
18%
Valverde de Llerena
18%
Acedera
17%
Higuera de Llerena
17%
Atalaya
16%
Peñalsordo
16%
Sancti-Spíritus
16%
Trasierra
16%
Mengabril
15%
Villarta de los Montes
15%
Garbayuela
14%
Valdetorres
14%
Valverde de Burguillos
14%
Baterno
13%
El Carrascalejo
13%
Esparragosa de la Serena
13%
Villar de Rena
13%
Risco
12%
Tamurejo
11%
Monterrubio de la Serena
6%
No se encontraron pruebas coincidentes
Distribución de puntuación
Porcentaje de gente con cada puntuación
Porcentaje por número respondido
Historial de tus puntuaciones
No has intentado esta prueba.